000 00301nam a2200133 i 4500
001 bg
100 1 _aKOTSCHY, Janina
245 0 _aTechnologia spieków /
_cJanina Kotschy.
260 _aKielce,
_c1977.
040 _cBPK
041 _apol
942 _cKS
008 s pl f |000 0 pol
999 _c17740
_d17740
856 _uhttp://koha.tu.koszalin.pl/cgi-bin/koha/opac-detail.pl?biblionumber=17740
_yKatalog online BPK